<?xml version="1.0" encoding="UTF-8"?>
<marc:record xmlns:marc="http://www.loc.gov/MARC21/slim" type="Bibliographic">
   <marc:leader>00000nam a2200000 c 4500</marc:leader>
   <marc:controlfield tag="001">957541589</marc:controlfield>
   <marc:controlfield tag="003">DE-101</marc:controlfield>
   <marc:controlfield tag="005">20171203074732.0</marc:controlfield>
   <marc:controlfield tag="007">tu</marc:controlfield>
   <marc:controlfield tag="008">990920s1999    gw ||||| |||| 00||||ger  </marc:controlfield>
   <marc:datafield ind1=" " ind2=" " tag="015">
      <marc:subfield code="a">99,A44,0197</marc:subfield>
      <marc:subfield code="2">dnb</marc:subfield>
   </marc:datafield>
   <marc:datafield ind1="7" ind2=" " tag="016">
      <marc:subfield code="2">DE-101</marc:subfield>
      <marc:subfield code="a">957541589</marc:subfield>
   </marc:datafield>
   <marc:datafield ind1=" " ind2=" " tag="020">
      <marc:subfield code="a">9783785709764</marc:subfield>
      <marc:subfield code="c">Pp. : DM 49.80</marc:subfield>
      <marc:subfield code="9">978-3-7857-0976-4</marc:subfield>
   </marc:datafield>
   <marc:datafield ind1=" " ind2=" " tag="020">
      <marc:subfield code="a">3785709765</marc:subfield>
      <marc:subfield code="c">Pp. : DM 49.80</marc:subfield>
      <marc:subfield code="9">3-7857-0976-5</marc:subfield>
   </marc:datafield>
   <marc:datafield ind1=" " ind2=" " tag="035">
      <marc:subfield code="a">(DE-599)DNB957541589</marc:subfield>
   </marc:datafield>
   <marc:datafield ind1=" " ind2=" " tag="035">
      <marc:subfield code="a">(OCoLC)253607658</marc:subfield>
   </marc:datafield>
   <marc:datafield ind1=" " ind2=" " tag="040">
      <marc:subfield code="a">1140</marc:subfield>
      <marc:subfield code="b">ger</marc:subfield>
      <marc:subfield code="c">DE-101</marc:subfield>
      <marc:subfield code="d">9999</marc:subfield>
   </marc:datafield>
   <marc:datafield ind1=" " ind2=" " tag="041">
      <marc:subfield code="a">ger</marc:subfield>
   </marc:datafield>
   <marc:datafield ind1=" " ind2=" " tag="043">
      <marc:subfield code="c">XB-IL</marc:subfield>
      <marc:subfield code="c">XB-JO</marc:subfield>
      <marc:subfield code="c">XT</marc:subfield>
      <marc:subfield code="c">XA-ES</marc:subfield>
      <marc:subfield code="c">XA-FR</marc:subfield>
      <marc:subfield code="c">XA-ES</marc:subfield>
      <marc:subfield code="c">XA-ES</marc:subfield>
   </marc:datafield>
   <marc:datafield ind1=" " ind2=" " tag="044">
      <marc:subfield code="c">XA-DE</marc:subfield>
   </marc:datafield>
   <marc:datafield ind1=" " ind2=" " tag="084">
      <marc:subfield code="a">12</marc:subfield>
      <marc:subfield code="a">25</marc:subfield>
      <marc:subfield code="a">63</marc:subfield>
      <marc:subfield code="a">200</marc:subfield>
      <marc:subfield code="a">220</marc:subfield>
      <marc:subfield code="a">230</marc:subfield>
      <marc:subfield code="q">DE-101</marc:subfield>
      <marc:subfield code="2">sdnb</marc:subfield>
   </marc:datafield>
   <marc:datafield ind1=" " ind2=" " tag="084">
      <marc:subfield code="a">3.2p</marc:subfield>
      <marc:subfield code="a">3.3b</marc:subfield>
      <marc:subfield code="a">3.3c</marc:subfield>
      <marc:subfield code="a">3.5a</marc:subfield>
      <marc:subfield code="a">6.1b</marc:subfield>
      <marc:subfield code="a">17.2</marc:subfield>
      <marc:subfield code="a">3.3b</marc:subfield>
      <marc:subfield code="a">3.3c</marc:subfield>
      <marc:subfield code="a">3.5a</marc:subfield>
      <marc:subfield code="a">19.1d</marc:subfield>
      <marc:subfield code="a">10.6a</marc:subfield>
      <marc:subfield code="a">3.3b</marc:subfield>
      <marc:subfield code="a">3.3c</marc:subfield>
      <marc:subfield code="a">3.5a</marc:subfield>
      <marc:subfield code="a">6.1b</marc:subfield>
      <marc:subfield code="a">17.2</marc:subfield>
      <marc:subfield code="q">DE-101</marc:subfield>
      <marc:subfield code="2">sswd</marc:subfield>
   </marc:datafield>
   <marc:datafield ind1=" " ind2=" " tag="090">
      <marc:subfield code="a">b</marc:subfield>
   </marc:datafield>
   <marc:datafield ind1="1" ind2=" " tag="100">
      <marc:subfield code="0">(DE-588)121421198</marc:subfield>
      <marc:subfield code="0">http://d-nb.info/gnd/121421198</marc:subfield>
      <marc:subfield code="0">(DE-101)121421198</marc:subfield>
      <marc:subfield code="a">Legler, Rolf</marc:subfield>
      <marc:subfield code="d">1945-</marc:subfield>
      <marc:subfield code="e">Verfasser</marc:subfield>
      <marc:subfield code="4">aut</marc:subfield>
   </marc:datafield>
   <marc:datafield ind1="0" ind2="0" tag="245">
      <marc:subfield code="a">Sternenstrasse und Pilgerweg</marc:subfield>
      <marc:subfield code="b">der Jakobs-Kult von Santiago de Compostela ; Wahrheit und Fälschung</marc:subfield>
      <marc:subfield code="c">Rolf Legler</marc:subfield>
   </marc:datafield>
   <marc:datafield ind1=" " ind2="1" tag="264">
      <marc:subfield code="a">Bergisch Gladbach</marc:subfield>
      <marc:subfield code="b">Lübbe</marc:subfield>
      <marc:subfield code="c">1999</marc:subfield>
   </marc:datafield>
   <marc:datafield ind1=" " ind2=" " tag="300">
      <marc:subfield code="a">416 S.</marc:subfield>
      <marc:subfield code="b">Ill.</marc:subfield>
      <marc:subfield code="c">22 cm</marc:subfield>
   </marc:datafield>
   <marc:datafield ind1=" " ind2=" " tag="336">
      <marc:subfield code="a">Text</marc:subfield>
      <marc:subfield code="b">txt</marc:subfield>
      <marc:subfield code="2">rdacontent</marc:subfield>
   </marc:datafield>
   <marc:datafield ind1=" " ind2=" " tag="337">
      <marc:subfield code="a">ohne Hilfsmittel zu benutzen</marc:subfield>
      <marc:subfield code="b">n</marc:subfield>
      <marc:subfield code="2">rdamedia</marc:subfield>
   </marc:datafield>
   <marc:datafield ind1=" " ind2=" " tag="338">
      <marc:subfield code="a">Band</marc:subfield>
      <marc:subfield code="b">nc</marc:subfield>
      <marc:subfield code="2">rdacarrier</marc:subfield>
   </marc:datafield>
   <marc:datafield ind1=" " ind2=" " tag="500">
      <marc:subfield code="a">Literaturverz. S. 398 - 408</marc:subfield>
   </marc:datafield>
   <marc:datafield ind1="0" ind2="7" tag="600">
      <marc:subfield code="0">(DE-588)118556800</marc:subfield>
      <marc:subfield code="0">http://d-nb.info/gnd/118556800</marc:subfield>
      <marc:subfield code="0">(DE-101)118556800</marc:subfield>
      <marc:subfield code="a">Jakobus</marc:subfield>
      <marc:subfield code="c">der Ältere</marc:subfield>
      <marc:subfield code="d">ca. 1. Jh.</marc:subfield>
      <marc:subfield code="2">gnd</marc:subfield>
   </marc:datafield>
   <marc:datafield ind1=" " ind2="7" tag="648">
      <marc:subfield code="a">Geschichte</marc:subfield>
      <marc:subfield code="2">gnd</marc:subfield>
   </marc:datafield>
   <marc:datafield ind1=" " ind2="7" tag="648">
      <marc:subfield code="a">Geschichte</marc:subfield>
      <marc:subfield code="2">gnd</marc:subfield>
   </marc:datafield>
   <marc:datafield ind1=" " ind2="7" tag="648">
      <marc:subfield code="a">Geschichte</marc:subfield>
      <marc:subfield code="2">gnd</marc:subfield>
   </marc:datafield>
   <marc:datafield ind1=" " ind2="7" tag="650">
      <marc:subfield code="0">(DE-588)4024052-6</marc:subfield>
      <marc:subfield code="0">http://d-nb.info/gnd/4024052-6</marc:subfield>
      <marc:subfield code="0">(DE-101)040240525</marc:subfield>
      <marc:subfield code="a">Heiligenverehrung</marc:subfield>
      <marc:subfield code="2">gnd</marc:subfield>
   </marc:datafield>
   <marc:datafield ind1=" " ind2="7" tag="650">
      <marc:subfield code="0">(DE-588)4064460-1</marc:subfield>
      <marc:subfield code="0">http://d-nb.info/gnd/4064460-1</marc:subfield>
      <marc:subfield code="0">(DE-101)04064460X</marc:subfield>
      <marc:subfield code="a">Wallfahrt</marc:subfield>
      <marc:subfield code="2">gnd</marc:subfield>
   </marc:datafield>
   <marc:datafield ind1=" " ind2="7" tag="651">
      <marc:subfield code="0">(DE-588)4051658-1</marc:subfield>
      <marc:subfield code="0">http://d-nb.info/gnd/4051658-1</marc:subfield>
      <marc:subfield code="0">(DE-101)04051658X</marc:subfield>
      <marc:subfield code="a">Santiago de Compostela</marc:subfield>
      <marc:subfield code="2">gnd</marc:subfield>
   </marc:datafield>
   <marc:datafield ind1=" " ind2="7" tag="651">
      <marc:subfield code="0">(DE-588)4114067-9</marc:subfield>
      <marc:subfield code="0">http://d-nb.info/gnd/4114067-9</marc:subfield>
      <marc:subfield code="0">(DE-101)041140672</marc:subfield>
      <marc:subfield code="a">Jakobsweg</marc:subfield>
      <marc:subfield code="2">gnd</marc:subfield>
   </marc:datafield>
   <marc:datafield ind1=" " ind2="7" tag="651">
      <marc:subfield code="0">(DE-588)4051658-1</marc:subfield>
      <marc:subfield code="0">http://d-nb.info/gnd/4051658-1</marc:subfield>
      <marc:subfield code="0">(DE-101)04051658X</marc:subfield>
      <marc:subfield code="a">Santiago de Compostela</marc:subfield>
      <marc:subfield code="2">gnd</marc:subfield>
   </marc:datafield>
   <marc:datafield ind1="0" ind2="0" tag="689">
      <marc:subfield code="0">(DE-588)118556800</marc:subfield>
      <marc:subfield code="0">http://d-nb.info/gnd/118556800</marc:subfield>
      <marc:subfield code="0">(DE-101)118556800</marc:subfield>
      <marc:subfield code="D">p</marc:subfield>
      <marc:subfield code="a">Jakobus</marc:subfield>
      <marc:subfield code="c">der Ältere</marc:subfield>
      <marc:subfield code="d">ca. 1. Jh.</marc:subfield>
   </marc:datafield>
   <marc:datafield ind1="0" ind2="1" tag="689">
      <marc:subfield code="0">(DE-588)4051658-1</marc:subfield>
      <marc:subfield code="0">http://d-nb.info/gnd/4051658-1</marc:subfield>
      <marc:subfield code="0">(DE-101)04051658X</marc:subfield>
      <marc:subfield code="D">g</marc:subfield>
      <marc:subfield code="a">Santiago de Compostela</marc:subfield>
   </marc:datafield>
   <marc:datafield ind1="0" ind2="2" tag="689">
      <marc:subfield code="0">(DE-588)4024052-6</marc:subfield>
      <marc:subfield code="0">http://d-nb.info/gnd/4024052-6</marc:subfield>
      <marc:subfield code="0">(DE-101)040240525</marc:subfield>
      <marc:subfield code="D">s</marc:subfield>
      <marc:subfield code="a">Heiligenverehrung</marc:subfield>
   </marc:datafield>
   <marc:datafield ind1="0" ind2="3" tag="689">
      <marc:subfield code="A">z</marc:subfield>
      <marc:subfield code="a">Geschichte</marc:subfield>
   </marc:datafield>
   <marc:datafield ind1="0" ind2=" " tag="689">
      <marc:subfield code="5">DE-101</marc:subfield>
      <marc:subfield code="5">DE-101</marc:subfield>
   </marc:datafield>
   <marc:datafield ind1="1" ind2="0" tag="689">
      <marc:subfield code="0">(DE-588)4114067-9</marc:subfield>
      <marc:subfield code="0">http://d-nb.info/gnd/4114067-9</marc:subfield>
      <marc:subfield code="0">(DE-101)041140672</marc:subfield>
      <marc:subfield code="D">g</marc:subfield>
      <marc:subfield code="a">Jakobsweg</marc:subfield>
   </marc:datafield>
   <marc:datafield ind1="1" ind2="1" tag="689">
      <marc:subfield code="A">z</marc:subfield>
      <marc:subfield code="a">Geschichte</marc:subfield>
   </marc:datafield>
   <marc:datafield ind1="1" ind2=" " tag="689">
      <marc:subfield code="5">DE-101</marc:subfield>
      <marc:subfield code="5">DE-101</marc:subfield>
   </marc:datafield>
   <marc:datafield ind1="2" ind2="0" tag="689">
      <marc:subfield code="0">(DE-588)4051658-1</marc:subfield>
      <marc:subfield code="0">http://d-nb.info/gnd/4051658-1</marc:subfield>
      <marc:subfield code="0">(DE-101)04051658X</marc:subfield>
      <marc:subfield code="D">g</marc:subfield>
      <marc:subfield code="a">Santiago de Compostela</marc:subfield>
   </marc:datafield>
   <marc:datafield ind1="2" ind2="1" tag="689">
      <marc:subfield code="0">(DE-588)4064460-1</marc:subfield>
      <marc:subfield code="0">http://d-nb.info/gnd/4064460-1</marc:subfield>
      <marc:subfield code="0">(DE-101)04064460X</marc:subfield>
      <marc:subfield code="D">s</marc:subfield>
      <marc:subfield code="a">Wallfahrt</marc:subfield>
   </marc:datafield>
   <marc:datafield ind1="2" ind2="2" tag="689">
      <marc:subfield code="A">z</marc:subfield>
      <marc:subfield code="a">Geschichte</marc:subfield>
   </marc:datafield>
   <marc:datafield ind1="2" ind2=" " tag="689">
      <marc:subfield code="5">DE-101</marc:subfield>
      <marc:subfield code="5">DE-101</marc:subfield>
   </marc:datafield>
   <marc:datafield ind1=" " ind2=" " tag="850">
      <marc:subfield code="a">DE-101a</marc:subfield>
      <marc:subfield code="a">DE-101b</marc:subfield>
   </marc:datafield>
   <marc:datafield ind1="r" ind2=" " tag="925">
      <marc:subfield code="a">ra</marc:subfield>
   </marc:datafield>
</marc:record>
